| 000 | 00733nam a22002417a 4500 | ||
|---|---|---|---|
| 003 | UA-OsUOA | ||
| 001 | 55037 | ||
| 007 | ta | ||
| 008 | 20080806b un ||||| |||| 00| 0 ukr d | ||
| 100 | _aСирота І.М. | ||
| 090 |
_a349.3:364(075.8) _bС40 |
||
| 942 | _cBK | ||
| 040 |
_aUA-OsUOA _bukr _cUA-OsUOA _dUA-OsUOA |
||
| 245 |
_aПраво соціального забезпечення в Україні _bпідручник |
||
| 300 | _a408 с. | ||
| 955 | _a2 | ||
| 041 | _aukr | ||
| 080 | _a349.3:364(075.8) | ||
| 260 |
_aХарків _bОдіссей _c2007 |
||
| 250 | _nвид.7-е переробл.,і доп. | ||
| 650 | 7 |
_a349.3 Право соціального забезпечення _2UDC |
|
| 999 |
_c341112 _d341112 |
||